Normal view
MARC view
- Haikal, Muhammad Hussain
Entry Personal Name
001 - CONTROL NUMBER
- control field: 98696
003 - CONTROL NUMBER IDENTIFIER
- control field: NUST
005 - DATE AND TIME OF LATEST TRANSACTION
- control field: 20220831091920.0
008 - FIXED-LENGTH DATA ELEMENTS
- fixed length control field: 220831|| aca||aabn | a|a d
040 ## - CATALOGING SOURCE
- Original cataloging agency: NUST
- Transcribing agency: NUST
100 ## - HEADING--PERSONAL NAME
- Personal name: Haikal, Muhammad Hussain
670 ## - SOURCE DATA FOUND
- Source citation: Work cat.: (NUST): Haikal, Muhammad Hussain, Hazrat Omar Farooq /, 2014
